000 00333nam a22001217a 4500
020 _a053460871X
082 _a153
_bBUY
100 _aBuyer, Linda S.
_9112005
245 _aStudy Guide for Reed's Cognition :
_btheory and applications /
_cLinda S. Buyer
260 _aAustralia
_bThomson
_c2004.
300 _a181p. ;
942 _2ddc
_cBK
999 _c594577
_d594577